[Event "GBR-ch"]
[Site "Scarborough"]
[Date "2001.08.04"]
[Round "6"]
[White "Berry, Neil M"]
[Black "Rudd, Jack"]
[Result "1/2-1/2"]
[WhiteElo "2256"]
[BlackElo "2193"]
[PlyCount "101"]
[EventDate "2001.07.30"]

1. d4 Nf6 2. c4 e6 3. Nc3 d5 4. cxd5 exd5 5. Bg5 Be7 6. e3 O-O 7. Bd3 Nbd7 8.
Nge2 c6 9. Qc2 Re8 10. O-O Nf8 11. f3 h6 12. Bh4 Ne6 13. Rad1 a6 14. Bf2 c5 15.
dxc5 Bxc5 16. Bc4 dxc4 17. Rxd8 Rxd8 18. Rd1 Bd7 19. e4 Bxf2+ 20. Kxf2 Bc6 21.
b3 Rxd1 22. Nxd1 cxb3 23. axb3 Rd8 24. Ne3 Bb5 25. Nc3 Bd3 26. Qb2 Nc7 27. Ncd5
Ncxd5 28. Nxd5 Nxd5 29. Qd4 Bc2 30. exd5 Bxb3 31. Qb6 Rxd5 32. Qxb3 Rb5 33. Qc4
g6 34. g4 h5 35. gxh5 Rxh5 36. Qc8+ Kg7 37. Qxb7 Rxh2+ 38. Kg3 Rh5 39. Qxa6 Rf5
40. Qa1+ Kg8 41. Kg4 Rh5 42. Qc3 Rf5 43. f4 Rh5 44. Qc7 Rf5 45. Qc8+ Kg7 46.
Qxf5 gxf5+ 47. Kxf5 f6 48. Ke6 Kg6 49. Ke7 Kf5 50. Kf7 Kxf4 51. Kxf6 1/2-1/2

[Event "GBR-ch"]
[Site "Scarborough"]
[Date "2001.08.04"]
[Round "6"]
[White "Tan, Desmond"]
[Black "Oswald, Graeme"]
[Result "1-0"]
[WhiteElo "2253"]
[BlackElo "2195"]
[PlyCount "97"]
[EventDate "2001.07.30"]

1. e4 c5 2. Nf3 d6 3. d4 cxd4 4. Nxd4 Nf6 5. Nc3 a6 6. Bc4 e6 7. O-O b5 8. Bb3
Be7 9. Qf3 Qb6 10. Be3 Qb7 11. Rfe1 O-O 12. Bg5 Bd7 13. Rad1 Nc6 14. Nxc6 Bxc6
15. a3 Qc7 16. Qe2 h6 17. Bc1 Rfe8 18. Rd3 Kh7 19. Rdd1 Nd7 20. Qh5 Rf8 21. Bf4
g5 22. Bc1 Nf6 23. Qe2 Rg8 24. Nd5 Bxd5 25. exd5 e5 26. c3 Bd8 27. a4 Qd7 28.
axb5 axb5 29. Bc2+ Kg7 30. Be3 Ng4 31. Qd3 Nf6 32. h3 Rb8 33. Qd2 Kf8 34. Qe2
b4 35. c4 b3 36. Bb1 Ba5 37. Rf1 Bd8 38. c5 Rb4 39. cxd6 Rh4 40. f3 Nh5 41. Bc5
Nf4 42. Qxe5 f6 43. Qf5 Qb5 44. Bf2 h5 45. Rfe1 Nxg2 46. Kxg2 Rf4 47. Qh7 g4
48. Qh6+ Rg7 49. Qxf4 1-0

[Event "GBR-ch"]
[Site "Scarborough"]
[Date "2001.08.04"]
[Round "6"]
[White "Stephenson, Norman"]
[Black "Buckley, David E"]
[Result "1/2-1/2"]
[WhiteElo "2246"]
[BlackElo "2172"]
[PlyCount "32"]
[EventDate "2001.07.30"]

1. e4 e5 2. Nf3 Nc6 3. Bc4 Bc5 4. c3 Nf6 5. d3 d6 6. Nbd2 a6 7. Bb3 O-O 8. O-O
Ba7 9. h3 h6 10. Re1 Nh5 11. Nf1 Qf6 12. Be3 Bxe3 13. fxe3 Qg6 14. Nh4 Qg5 15.
Nf3 Qg6 16. Nh4 Qg5 1/2-1/2

[Event "GBR-ch"]
[Site "Scarborough"]
[Date "2001.08.04"]
[Round "6"]
[White "Lappage, Jonathan"]
[Black "Jackson, Adrian"]
[Result "1/2-1/2"]
[WhiteElo "2208"]
[BlackElo "2230"]
[PlyCount "39"]
[EventDate "2001.07.30"]

1. e4 c5 2. Nc3 Nc6 3. f4 g6 4. Nf3 Bg7 5. Bb5 Nd4 6. O-O a6 7. Bd3 d6 8. Nxd4
cxd4 9. Ne2 Nf6 10. c3 dxc3 11. dxc3 O-O 12. Kh1 Qc7 13. Nd4 e5 14. Nf3 d5 15.
fxe5 Nxe4 16. Bf4 Bg4 17. h3 Bxf3 18. Qxf3 Bxe5 19. Bxe4 dxe4 20. Qxe4 1/2-1/2

[Event "GBR-ch"]
[Site "Scarborough"]
[Date "2001.08.04"]
[Round "6"]
[White "Hunt, Adam"]
[Black "Ledger, Stephen"]
[Result "1-0"]
[WhiteElo "2408"]
[BlackElo "2196"]
[PlyCount "55"]
[EventDate "2001.07.30"]

1. e4 c5 2. Nf3 Nc6 3. d4 cxd4 4. Nxd4 e5 5. Nb5 a6 6. Nd6+ Bxd6 7. Qxd6 Qf6 8.
Qd1 Qg6 9. Nc3 d5 10. Nxd5 Qxe4+ 11. Be3 Nd4 12. Nc7+ Ke7 13. Rc1 Bg4 14. Qd3
Qxd3 15. Bxd3 Rd8 16. h3 Bc8 17. O-O Nf6 18. f4 e4 19. Rfe1 Nf5 20. Bb6 Kd6 21.
Bxe4 Nxe4 22. Rxe4 Kc6 23. Rb4 Rd2 24. Ba5 Nd6 25. Rb6+ Kxc7 26. Rb3+ Kb8 27.
Bxd2 Be6 28. Rd3 1-0

[Event "GBR-ch"]
[Site "Scarborough"]
[Date "2001.08.04"]
[Round "6"]
[White "Waters, Clive L"]
[Black "Trent, Lawrence"]
[Result "1-0"]
[WhiteElo "2147"]
[BlackElo "2249"]
[PlyCount "63"]
[EventDate "2001.07.30"]

1. Nf3 d5 2. b3 Nf6 3. Bb2 e6 4. e3 Be7 5. Be2 O-O 6. O-O b6 7. Ne5 Bb7 8. f4
c5 9. Bf3 Nbd7 10. d3 Nxe5 11. fxe5 Nd7 12. c4 Qc7 13. d4 dxc4 14. Bxb7 Qxb7
15. bxc4 b5 16. Nc3 bxc4 17. Rb1 Nb6 18. Qg4 cxd4 19. exd4 Rfd8 20. Rf3 Nd5 21.
Bc1 Qa6 22. Bh6 g6 23. Ne4 Qxa2 24. Rbf1 Bf8 25. Qh4 Rd7 26. Bxf8 Rxf8 27. Ng5
h5 28. Nxe6 Re8 29. Nc5 Rde7 30. e6 fxe6 31. Qg5 Qc2 32. Qh6 1-0

[Event "GBR-ch"]
[Site "Scarborough"]
[Date "2001.08.04"]
[Round "6"]
[White "Willmoth, Robert"]
[Black "Rutherford, Elaine"]
[Result "0-1"]
[WhiteElo "2239"]
[BlackElo "2117"]
[PlyCount "70"]
[EventDate "2001.07.30"]

1. e4 d5 2. exd5 Nf6 3. c4 e6 4. dxe6 Bxe6 5. Be2 Bc5 6. Nf3 Nc6 7. O-O O-O 8.
Nc3 Bf5 9. a3 a5 10. Nb5 Bd3 11. b3 Bxe2 12. Qxe2 Re8 13. Qd1 Nd4 14. Nbxd4
Bxd4 15. Ra2 Ne4 16. Rc2 Re6 17. d3 Nc3 18. Rxc3 Bxc3 19. d4 Rd6 20. Be3 Bb2
21. a4 Bxd4 22. Nxd4 c5 23. Qf3 cxd4 24. Bd2 Qd7 25. h3 Qc6 26. Qd3 Rg6 27. g3
Qd7 28. h4 h6 29. Kh2 Rf6 30. Bf4 Re6 31. Rd1 Rd8 32. c5 b6 33. Bd2 Qd5 34. Rc1
bxc5 35. Bxa5 c4 0-1

[Event "GBR-ch"]
[Site "Scarborough"]
[Date "2001.08.04"]
[Round "6"]
[White "Kennedy, John"]
[Black "Anderson, John"]
[Result "0-1"]
[WhiteElo "2042"]
[BlackElo "2161"]
[PlyCount "74"]
[EventDate "2001.07.30"]

1. Nf3 Nf6 2. g3 g6 3. Bg2 Bg7 4. O-O O-O 5. d3 d5 6. Nbd2 c5 7. e4 Nc6 8. c3
e5 9. Qc2 h6 10. Re1 Re8 11. a3 dxe4 12. dxe4 Be6 13. Bf1 Qc7 14. Rb1 Rac8 15.
b4 Nd7 16. b5 Nd8 17. Nc4 Bxc4 18. Bxc4 Ne6 19. a4 Nd4 20. Qd3 Nxf3+ 21. Qxf3
Nb6 22. Bf1 Nxa4 23. Ra1 Nb6 24. Rxa7 Ra8 25. Ra3 Rxa3 26. Bxa3 Ra8 27. c4 Nd7
28. Qe3 b6 29. Bh3 Nf8 30. Ra1 Qd6 31. Qe2 Qd4 32. Rd1 Qc3 33. Bb2 Qb3 34. Rc1
Ra2 35. Rc2 h5 36. Rd2 Bh6 37. f4 exf4 0-1

[Event "GBR-ch"]
[Site "Scarborough"]
[Date "2001.08.04"]
[Round "6"]
[White "Frost, Nicholas"]
[Black "Snape, Ian L"]
[Result "0-1"]
[WhiteElo "2141"]
[BlackElo "2160"]
[PlyCount "134"]
[EventDate "2001.07.30"]

1. e4 c5 2. Nc3 g6 3. g3 Bg7 4. Bg2 Nc6 5. d3 d6 6. f4 e6 7. Nf3 Nge7 8. O-O
O-O 9. Be3 Nd4 10. e5 dxe5 11. Nxe5 Rb8 12. Ne4 b6 13. c3 Ndf5 14. Bf2 Qc7 15.
g4 Nd5 16. gxf5 exf5 17. Qf3 fxe4 18. Qxe4 Nxf4 19. Nc6 Bb7 20. Bg3 Bxc6 21.
Qxc6 Ne2+ 22. Kf2 Qxc6 23. Bxc6 Nxg3 24. hxg3 Rbd8 25. Bb5 Ra8 26. Rae1 a6 27.
Bc6 Ra7 28. Re3 Rc7 29. Be8 b5 30. a3 b4 31. axb4 cxb4 32. Kg2 bxc3 33. bxc3
Bxc3 34. Rc1 Bd2 35. Rxc7 Bxe3 36. Re7 Bc5 37. Re5 Bd6 38. Re2 Kg7 39. d4 f5
40. Bc6 a5 41. Kf3 Rb8 42. Re3 Rb4 43. d5 Re4 44. Rb3 g5 45. Rb7+ Re7 46. Rb5
g4+ 47. Kf2 a4 48. Ra5 a3 49. Bb5 Bc5+ 50. Kg2 Ra7 51. Ba6 Bd6 52. Ra4 Kf6 53.
Kf2 h5 54. Kg2 Kg5 55. Kf2 h4 56. gxh4+ Kxh4 57. Kg2 f4 58. Kh2 f3+ 59. Kg1 Kg3
60. Kf1 Rh7 61. Ke1 Rh1+ 62. Bf1 Rh2 63. Bc4 Rb2 64. Ra6 Bf4 65. Bd3 a2 66.
Rxa2 Rxa2 67. Bb1 Ra1 0-1

[Event "GBR-ch"]
[Site "Scarborough"]
[Date "2001.08.04"]
[Round "6"]
[White "McDonnell, James J"]
[Black "Rumens, David"]
[Result "0-1"]
[WhiteElo "2047"]
[BlackElo "2255"]
[PlyCount "98"]
[EventDate "2001.07.30"]

1. e4 e5 2. Nf3 Nf6 3. d4 Nxe4 4. Bd3 d5 5. Nxe5 Nd7 6. Nxd7 Bxd7 7. O-O Qh4 8.
g3 Qh3 9. Nc3 Nxc3 10. bxc3 O-O-O 11. Re1 Bd6 12. Bf1 Qf5 13. Qd3 Rhe8 14. Re3
Qg6 15. Rb1 c6 16. c4 Qxd3 17. Bxd3 Rxe3 18. Bxe3 Be6 19. c5 Bc7 20. Bd2 Re8
21. Kg2 h5 22. Re1 Rh8 23. h4 Kd7 24. Kh2 b6 25. Rb1 Rb8 26. Be2 g6 27. a3 Bf5
28. Bd1 bxc5 29. Rxb8 Bxb8 30. dxc5 Be5 31. Kg2 Ke6 32. c3 Bd3 33. Ba4 Bb5 34.
Bb3 Bc4 35. Ba4 d4 36. cxd4 Bd5+ 37. Kf1 Bxd4 38. Bb4 Bc4+ 39. Ke1 Kd5 40. f3
Bxc5 41. Bxc5 Kxc5 42. Kd2 Bd5 43. Bd1 Kd4 44. g4 f6 45. gxh5 gxh5 46. f4 Ke4
47. Bxh5 Kxf4 48. Be8 Kg4 49. Ke3 f5 0-1

[Event "GBR-ch"]
[Site "Scarborough"]
[Date "2001.08.06"]
[Round "7"]
[White "Lalic, Bogdan"]
[Black "Chandler, Murray"]
[Result "1/2-1/2"]
[WhiteElo "2528"]
[BlackElo "2540"]
[PlyCount "32"]
[EventDate "2001.07.30"]

1. e4 c5 2. Nf3 Nc6 3. d4 cxd4 4. Nxd4 Nf6 5. Nc3 d6 6. Bg5 e6 7. Qd2 a6 8.
O-O-O h6 9. Nxc6 bxc6 10. Bf4 d5 11. Qe3 Be7 12. Be2 O-O 13. h4 Re8 14. Qg3 Kh8
15. Bc7 Qd7 16. Be5 Bf8 1/2-1/2

[Event "GBR-ch"]
[Site "Scarborough"]
[Date "2001.08.06"]
[Round "7"]
[White "Gormally, Daniel"]
[Black "Wells, Peter"]
[Result "1/2-1/2"]
[WhiteElo "2481"]
[BlackElo "2510"]
[PlyCount "54"]
[EventDate "2001.07.30"]

1. d4 Nf6 2. c4 e6 3. Nc3 Bb4 4. e3 O-O 5. Bd3 d5 6. Nf3 c5 7. O-O cxd4 8. exd4
dxc4 9. Bxc4 b6 10. Bg5 Bb7 11. Re1 Nbd7 12. Rc1 Rc8 13. Qb3 Bxc3 14. Rxc3 h6
15. Bh4 Qe8 16. Qa3 a6 17. Ne5 Nxe5 18. dxe5 Ne4 19. Rxe4 Bxe4 20. Be7 Qd7 21.
Qd6 Qa4 22. Bb3 Qb5 23. Bxf8 Rxc3 24. bxc3 Qe2 25. Qd1 Qxd1+ 26. Bxd1 Kxf8 27.
Be2 a5 1/2-1/2

[Event "GBR-ch"]
[Site "Scarborough"]
[Date "2001.08.06"]
[Round "7"]
[White "Palliser, Richard JD"]
[Black "Miles, Tony"]
[Result "1/2-1/2"]
[WhiteElo "2337"]
[BlackElo "2565"]
[PlyCount "88"]
[EventDate "2001.07.30"]

1. e4 Nf6 2. e5 Nd5 3. c4 Nb6 4. d4 d6 5. exd6 exd6 6. Nc3 Nc6 7. Nf3 Be7 8. d5
Ne5 9. Nxe5 dxe5 10. Be2 O-O 11. O-O f5 12. Be3 f4 13. Bxb6 axb6 14. Ne4 Bc5
15. Nxc5 bxc5 16. Bg4 Bxg4 17. Qxg4 f3 18. Rfe1 Ra6 19. g3 Rg6 20. Qh3 Qg5 21.
Re4 Qd2 22. Rae1 Qxb2 23. Rxe5 h6 24. Qd7 Qxa2 25. Re8 Rgf6 26. R8e7 R6f7 27.
Qe6 Qd2 28. h4 Kh7 29. Qe4+ Kh8 30. Rxf7 Rxf7 31. Re3 Qd1+ 32. Re1 Qa4 33. Re3
Qa1+ 34. Kh2 Qf6 35. Qe6 Kg8 36. Qxf6 Rxf6 37. g4 Rf4 38. Kg3 Rxc4 39. Re7 b5
40. Rxc7 Kf8 41. d6 Ke8 42. Rxg7 b4 43. Rb7 Rd4 44. g5 Rxd6 1/2-1/2

[Event "GBR-ch"]
[Site "Scarborough"]
[Date "2001.08.06"]
[Round "7"]
[White "Rowson, Jonathan"]
[Black "Ansell, Simon"]
[Result "0-1"]
[WhiteElo "2514"]
[BlackElo "2376"]
[PlyCount "76"]
[EventDate "2001.07.30"]

1. e4 c5 2. Nf3 Nc6 3. Bb5 e6 4. Bxc6 bxc6 5. d3 Ne7 6. Ng5 h6 7. Nh3 g6 8. Bd2
Bg7 9. Bc3 e5 10. f4 d5 11. Nf2 Qb6 12. Nd2 Be6 13. Bxe5 Bxe5 14. fxe5 Qxb2 15.
O-O Qxe5 16. Nf3 Qg7 17. Qc1 g5 18. Rb1 g4 19. Ne1 Qg5 20. Qa3 d4 21. c3 dxc3
22. Rc1 Ng6 23. Qxc3 Bxa2 24. Ra1 Be6 25. Ra5 Qe5 26. Qa3 Nf4 27. Rxc5 Ne2+ 28.
Kh1 Qf6 29. Rc2 Nd4 30. Qa1 Qe5 31. Nd1 O-O 32. Ne3 f5 33. Rd2 fxe4 34. Rxf8+
Rxf8 35. dxe4 Nf3 36. Qxe5 Nxe5 37. Rd6 Nc4 38. N1c2 Nxd6 0-1

[Event "GBR-ch"]
[Site "Scarborough"]
[Date "2001.08.06"]
[Round "7"]
[White "Summerscale, Aaron"]
[Black "Walker, Martin G"]
[Result "1-0"]
[WhiteElo "2510"]
[BlackElo "2109"]
[PlyCount "149"]
[EventDate "2001.07.30"]

1. Nf3 Nf6 2. c4 g6 3. Nc3 d5 4. Qa4+ Bd7 5. Qb3 dxc4 6. Qxc4 Bg7 7. e4 O-O 8.
e5 Be6 9. exf6 Bxc4 10. fxg7 Kxg7 11. Bxc4 e5 12. O-O Nd7 13. Rd1 Nb6 14. Bf1
Re8 15. d4 e4 16. Ng5 e3 17. Nf3 exf2+ 18. Kxf2 c6 19. Bf4 Nd5 20. Nxd5 cxd5
21. Rd3 Re6 22. Bd2 Rc8 23. Rb3 Rb6 24. Bd3 h6 25. Kg1 Qf6 26. Rf1 Rxb3 27.
axb3 Qb6 28. b4 Rc6 29. b5 Rf6 30. Bc3 Kh7 31. Ra1 Kg7 32. h3 Rf4 33. Kh1 Kh7
34. Re1 Qf6 35. Re3 Qd6 36. Be1 Rf6 37. Ne5 Qc7 38. Bc3 Kg7 39. Kg1 Rf4 40. Nf3
Rf6 41. Ne5 Qd6 42. Be2 Re6 43. Kf2 Rf6+ 44. Rf3 Rxf3+ 45. Bxf3 f6 46. Ng4 Qb6
47. Be2 Qd8 48. Ne3 Qd7 49. b6 axb6 50. Bf3 f5 51. Nxd5 b5 52. Nb4 g5 53. Nd3
g4 54. d5+ Kf8 55. hxg4 fxg4 56. Ne5 Qd6 57. Nxg4 Qf4 58. Ne5 Ke8 59. Nd3 Qf5
60. Ke2 Kd7 61. Be5 b6 62. Ke3 Qg5+ 63. Bf4 Qf6 64. Bg4+ Kd8 65. d6 Qh4 66. Bh3
b4 67. d7 Qe7+ 68. Kd2 Qf6 69. Ke3 b5 70. Ne5 Ke7 71. Ke4 Qb6 72. Bg3 Qf6 73.
Bg4 Kd8 74. Kd5 Qg5 75. Bh4 1-0

[Event "GBR-ch"]
[Site "Scarborough"]
[Date "2001.08.06"]
[Round "7"]
[White "Zhao, Zong-Yuan"]
[Black "Hebden, Mark"]
[Result "0-1"]
[WhiteElo "2359"]
[BlackElo "2550"]
[PlyCount "70"]
[EventDate "2001.07.30"]

1. d4 Nf6 2. c4 g6 3. Nc3 Bg7 4. e4 d6 5. Nf3 O-O 6. Be2 e5 7. O-O Nc6 8. d5
Ne7 9. b4 Nh5 10. Re1 Kh8 11. Nd2 Nf4 12. Bf1 c6 13. Bb2 cxd5 14. cxd5 Ng8 15.
Rc1 Nf6 16. Nc4 Ne8 17. Kh1 f5 18. g3 Nh5 19. exf5 Nhf6 20. fxg6 Ng4 21. Kg1
Rxf2 22. Rc2 Rf8 23. h3 Nh6 24. gxh7 Nf5 25. Rf2 Bd7 26. Ne4 b5 27. Ncd2 Qb6
28. a4 a6 29. a5 Qa7 30. Nf3 Nf6 31. Nxf6 Rxf6 32. Nxe5 dxe5 33. Bxe5 Rf7 34.
Qa1 Raf8 35. g4 Bxe5 0-1

[Event "GBR-ch"]
[Site "Scarborough"]
[Date "2001.08.06"]
[Round "7"]
[White "Turner, Matthew J"]
[Black "D'Costa, Lorin"]
[Result "1-0"]
[WhiteElo "2511"]
[BlackElo "2155"]
[PlyCount "49"]
[EventDate "2001.07.30"]

1. e4 c5 2. c3 d5 3. exd5 Qxd5 4. d4 g6 5. Nf3 Bg7 6. Na3 cxd4 7. Bc4 Qa5 8.
Nxd4 Nf6 9. O-O O-O 10. Re1 e5 11. b4 Qc7 12. Ndb5 Qe7 13. Be3 b6 14. Qd6 Qxd6
15. Nxd6 Nc6 16. Bg5 a6 17. Rad1 b5 18. Bxf6 Bxf6 19. Bd5 Bd7 20. Bxf7+ Kg7 21.
Bb3 Ra7 22. Nc2 Rc7 23. Ne3 Ne7 24. Ne4 Bf5 25. Nc5 1-0

[Event "GBR-ch"]
[Site "Scarborough"]
[Date "2001.08.06"]
[Round "7"]
[White "Lane, Gary"]
[Black "Blackburn, Jonathan LB"]
[Result "1-0"]
[WhiteElo "2456"]
[BlackElo "2115"]
[PlyCount "83"]
[EventDate "2001.07.30"]

1. e4 e6 2. d4 d5 3. Nd2 Nf6 4. e5 Nfd7 5. c3 c5 6. f4 Nc6 7. Ndf3 Qb6 8. g3
cxd4 9. cxd4 Bb4+ 10. Kf2 g5 11. fxg5 Ndxe5 12. Kg2 Ng6 13. h4 Bd7 14. Nh3 Bf8
15. b3 Bg7 16. Bb2 O-O-O 17. Rc1 Kb8 18. Bd3 Rc8 19. h5 Nge7 20. h6 Bf8 21. Qd2
Ng6 22. Nf4 Bd6 23. Nh5 Nb4 24. Nf6 Qd8 25. Bb1 Rxc1 26. Rxc1 Nc6 27. a3 Bc8
28. b4 a6 29. Bd3 Be7 30. Ne5 Bxf6 31. gxf6 Rg8 32. Bxg6 fxg6 33. Rxc6 Qxf6 34.
Rc1 Rf8 35. a4 Qf5 36. Qe3 g5 37. b5 a5 38. b6 g4 39. Ba3 Rd8 40. Be7 Qh5 41.
Bxd8 Qh3+ 42. Kg1 1-0

[Event "GBR-ch"]
[Site "Scarborough"]
[Date "2001.08.06"]
[Round "7"]
[White "Eames, Robert"]
[Black "Kelly, Brian"]
[Result "1/2-1/2"]
[WhiteElo "2333"]
[BlackElo "2458"]
[PlyCount "105"]
[EventDate "2001.07.30"]

1. e4 e6 2. d4 d5 3. Nc3 Bb4 4. e5 Ne7 5. a3 Bxc3+ 6. bxc3 b6 7. Qg4 Ng6 8. h4
h5 9. Qf3 Ba6 10. Bg5 Qd7 11. Bxa6 Nxa6 12. a4 c5 13. Ne2 cxd4 14. cxd4 Nb4 15.
O-O Nxc2 16. Rab1 Qxa4 17. Rfd1 Rc8 18. Rbc1 O-O 19. Qxh5 Rc4 20. Qg4 Nxe5 21.
Qg3 Nxd4 22. Qxe5 f6 23. Qe3 Nxe2+ 24. Qxe2 Re4 25. Be3 Rxh4 26. g3 Rc4 27. Ra1
Qc2 28. Qxc2 Rxc2 29. Rxa7 Rf7 30. Bxb6 Rxa7 31. Bxa7 Kf7 32. Be3 Rb2 33. Kg2
g5 34. Kf3 Rb3 35. Ke2 Kg6 36. Rd3 Rb2+ 37. Kf3 Ra2 38. g4 Kf7 39. Bd2 Kg6 40.
Ke3 Ra4 41. f3 Rc4 42. Rb3 Rc7 43. Rb6 Kf7 44. Kd3 Ra7 45. Bb4 Ra4 46. Kd4 Ra1
47. Rb7+ Kg6 48. Bf8 Ra8 49. Bd6 Ra4+ 50. Ke3 Ra6 51. Bf8 Ra8 52. Bb4 Ra4 53.
Bf8 1/2-1/2

[Event "GBR-ch"]
[Site "Scarborough"]
[Date "2001.08.06"]
[Round "7"]
[White "Singh, Gurpreet"]
[Black "Arkell, Keith C"]
[Result "0-1"]
[WhiteElo "2302"]
[BlackElo "2431"]
[PlyCount "104"]
[EventDate "2001.07.30"]

1. e4 c6 2. d3 d5 3. Nd2 Qc7 4. Ngf3 Bg4 5. g3 Nd7 6. Bg2 e6 7. O-O Ngf6 8. Qe2
Ne5 9. exd5 Nxf3+ 10. Nxf3 cxd5 11. d4 Bd6 12. Qb5+ Nd7 13. Ne5 Bxe5 14. dxe5
O-O 15. f4 a6 16. Qb3 Rfc8 17. c3 Nc5 18. Qa3 Nd3 19. Be3 Be2 20. Rfb1 a5 21.
Qa4 Qc4 22. Qxc4 Rxc4 23. Bd4 Rac8 24. b3 R4c7 25. a4 Nc5 26. Rb2 Bd3 27. Rd1
Bf5 28. h3 h6 29. Kh2 g5 30. fxg5 hxg5 31. Ra1 Kg7 32. g4 Bg6 33. Bf1 Be4 34.
b4 axb4 35. cxb4 Nd3 36. Bxd3 Bxd3 37. Rd1 Bc2 38. Ra1 Rc4 39. Bc5 d4 40. Kg3
Rd8 41. Be7 Rc3+ 42. Kf2 Rd5 43. Bxg5 Rxe5 44. Bd2 Rc8 45. a5 Bd3 46. Bf4 Re4
47. Kf3 e5 48. Bg5 f6 49. Bd2 Rh8 50. Rh1 f5 51. gxf5 Reh4 52. Be1 Be4+ 0-1

[Event "GBR-ch"]
[Site "Scarborough"]
[Date "2001.08.06"]
[Round "7"]
[White "Ledger, Andrew"]
[Black "Hanley, Craig"]
[Result "1-0"]
[WhiteElo "2418"]
[BlackElo "2278"]
[PlyCount "79"]
[EventDate "2001.07.30"]

1. c4 c5 2. Nc3 Nc6 3. g3 g6 4. Bg2 Bg7 5. Nf3 d6 6. O-O e5 7. d3 Nge7 8. a3
O-O 9. Rb1 a5 10. Ne1 Be6 11. Nd5 Rb8 12. Bg5 f6 13. Bd2 b5 14. Nc2 b4 15. axb4
axb4 16. Ra1 Qd7 17. Ra6 Bxd5 18. cxd5 Na7 19. Ne3 f5 20. Nc4 Nb5 21. Qa4 Nc8
22. Ra1 Qe8 23. e3 g5 24. Ra8 Rxa8 25. Qxa8 Nc7 26. Qb7 Rf7 27. Qb8 g4 28. f3
Bf8 29. fxg4 fxg4 30. Ra5 Qd7 31. e4 h5 32. Be3 Kh7 33. Bxc5 Qd8 34. Be3 Bh6
35. Bxh6 Kxh6 36. Qxb4 h4 37. Qd2+ Kh5 38. Ne3 Ne7 39. Qe2 Qc8 40. Bh3 1-0

[Event "GBR-ch"]
[Site "Scarborough"]
[Date "2001.08.06"]
[Round "7"]
[White "Lyell, Mark"]
[Black "Williams, Simon K"]
[Result "0-1"]
[WhiteElo "2219"]
[BlackElo "2369"]
[PlyCount "66"]
[EventDate "2001.07.30"]

1. e4 e6 2. d4 d5 3. e5 c5 4. c3 Nc6 5. Nf3 Bd7 6. Be2 Qb6 7. O-O Nh6 8. Bxh6
gxh6 9. Qd2 Bg7 10. Na3 cxd4 11. cxd4 O-O 12. Nc2 f6 13. Bd3 fxe5 14. Nxe5 Nxe5
15. dxe5 Qxb2 16. Rab1 Qxe5 17. Rxb7 Bc6 18. Re7 Qf6 19. Rc7 Rfc8 20. Qa5 Qc3
21. Nb4 Rxc7 22. Qxc7 Be8 23. Qe7 a5 24. Qxe6+ Bf7 25. Bxh7+ Kxh7 26. Qxf7 axb4
27. Qxd5 Re8 28. h4 Qd4 29. Qf5+ Kh8 30. Qg6 Rf8 31. g3 Qd2 32. Qb6 Bd4 33. Qc6
Rxf2 0-1

[Event "GBR-ch"]
[Site "Scarborough"]
[Date "2001.08.06"]
[Round "7"]
[White "Crouch, Colin"]
[Black "Player, Edmund"]
[Result "1-0"]
[WhiteElo "2407"]
[BlackElo "2115"]
[PlyCount "33"]
[EventDate "2001.07.30"]

1. d4 d5 2. Nf3 Nf6 3. c4 dxc4 4. e3 e6 5. Bxc4 c5 6. O-O a6 7. Bb3 Nc6 8. Nc3
Be7 9. Qe2 cxd4 10. Rd1 O-O 11. exd4 Qc7 12. Bg5 Na5 13. Bc2 b5 14. Rac1 Qc4
15. Bd3 Qb4 16. Bxf6 gxf6 17. Qe4 1-0

[Event "GBR-ch"]
[Site "Scarborough"]
[Date "2001.08.06"]
[Round "7"]
[White "Burnett, Jim"]
[Black "Broomfield, Matthew"]
[Result "0-1"]
[WhiteElo "2209"]
[BlackElo "2271"]
[PlyCount "70"]
[EventDate "2001.07.30"]

1. d4 Nf6 2. c4 e6 3. Nc3 Bb4 4. e3 b6 5. Nge2 Ne4 6. Qc2 Bb7 7. a3 Bxc3+ 8.
Nxc3 Nxc3 9. Qxc3 f5 10. b3 Qe7 11. Bb2 d6 12. O-O-O Nd7 13. f3 e5 14. d5 O-O
15. Kb1 a5 16. Bd3 Kh8 17. Bc2 Rae8 18. Rhf1 Nf6 19. h3 Bc8 20. g4 Ng8 21. Qe1
Bd7 22. Qg3 Nh6 23. Rde1 b5 24. Rg1 a4 25. g5 Ng8 26. f4 axb3 27. Bxb3 bxc4 28.
Bxc4 Rb8 29. Ka2 Bb5 30. Bb3 e4 31. Qf2 Bd3 32. Rc1 c5 33. Bc4 Qb7 34. Qd2
Bxc4+ 35. Rxc4 Qb3+ 0-1

[Event "GBR-ch"]
[Site "Scarborough"]
[Date "2001.08.06"]
[Round "7"]
[White "Buckley, Simon"]
[Black "Collins, Sam"]
[Result "1/2-1/2"]
[WhiteElo "2268"]
[BlackElo "2194"]
[PlyCount "70"]
[EventDate "2001.07.30"]

1. e4 c5 2. Nf3 e6 3. d4 cxd4 4. Nxd4 Nf6 5. Nc3 d6 6. Bc4 Be7 7. Be3 O-O 8.
Qe2 d5 9. exd5 exd5 10. Bd3 Nc6 11. O-O Re8 12. Qd2 Ng4 13. Nxc6 bxc6 14. Bf4
Bf6 15. Na4 Ne5 16. Rae1 Bg4 17. Re3 Nxd3 18. Qxd3 Qa5 19. b3 d4 20. Rxe8+ Rxe8
21. Bd2 Qh5 22. h3 Bf5 23. Qc4 Qe2 24. Qc5 Be4 25. Bb4 Qxc2 26. Re1 Ra8 27. Qd6
h6 28. Nc5 Bd5 29. Nd7 Bh4 30. Qf4 d3 31. Qxh4 d2 32. Bxd2 Qxd2 33. Re3 Qxa2
34. Qe7 Qb1+ 35. Re1 Qxb3 1/2-1/2

[Event "GBR-ch"]
[Site "Scarborough"]
[Date "2001.08.06"]
[Round "7"]
[White "Ghasi, Ameet K"]
[Black "Tan, Desmond"]
[Result "1/2-1/2"]
[WhiteElo "2188"]
[BlackElo "2253"]
[PlyCount "36"]
[EventDate "2001.07.30"]

1. Nf3 Nf6 2. d4 e6 3. c4 c5 4. d5 d6 5. Nc3 exd5 6. cxd5 g6 7. g3 Bg7 8. Bg2
O-O 9. O-O a6 10. a4 Re8 11. h3 Nbd7 12. Nd2 Rb8 13. Nc4 Ne5 14. Nxe5 Rxe5 15.
Bf4 Re8 16. a5 Nh5 17. Bd2 f5 18. e3 Bd7 1/2-1/2

[Event "GBR-ch"]
[Site "Scarborough"]
[Date "2001.08.06"]
[Round "7"]
[White "Addison, Bret C"]
[Black "Lappage, Jonathan"]
[Result "1/2-1/2"]
[WhiteElo "2218"]
[BlackElo "2208"]
[PlyCount "52"]
[EventDate "2001.07.30"]

1. d4 d5 2. c4 c6 3. Nf3 Nf6 4. Nc3 e6 5. Bg5 dxc4 6. e4 b5 7. e5 h6 8. Bh4 g5
9. Nxg5 hxg5 10. Bxg5 Nbd7 11. exf6 Bb7 12. g3 c5 13. d5 Qb6 14. Bg2 O-O-O 15.
O-O b4 16. Rb1 Qa6 17. dxe6 Bxg2 18. e7 Bxf1 19. Qd5 Bxe7 20. fxe7 Bd3 21.
exd8=Q+ Rxd8 22. Ne4 Bxb1 23. Nd6+ Kc7 24. Bf4 Kb6 25. Nxc4+ Kb5 26. Nd6+ Kb6
1/2-1/2

[Event "GBR-ch"]
[Site "Scarborough"]
[Date "2001.08.06"]
[Round "7"]
[White "Buckley, David E"]
[Black "Hunt, Adam"]
[Result "1-0"]
[WhiteElo "2172"]
[BlackElo "2408"]
[PlyCount "59"]
[EventDate "2001.07.30"]

1. e4 c5 2. Nf3 d6 3. d4 cxd4 4. Nxd4 Nf6 5. Nc3 a6 6. h3 e6 7. g4 h6 8. Bg2
Be7 9. Nde2 Nc6 10. Ng3 Qc7 11. Qe2 b5 12. a3 Bb7 13. f4 Nd7 14. h4 Bf6 15. Bd2
g6 16. O-O-O Nb6 17. g5 hxg5 18. hxg5 Bg7 19. f5 Rxh1 20. Rxh1 Be5 21. Rh7 Nd4
22. Qg4 exf5 23. exf5 Bxg2 24. fxg6 Bf3 25. Qh3 Bd5 26. Nf5 Nxf5 27. Nxd5 Nxd5
28. Qxf5 Qa7 29. c4 Nf6 30. gxf6 1-0

[Event "GBR-ch"]
[Site "Scarborough"]
[Date "2001.08.06"]
[Round "7"]
[White "Ledger, Dave J"]
[Black "Conlon, Joe"]
[Result "0-1"]
[WhiteElo "2312"]
[BlackElo "2191"]
[PlyCount "78"]
[EventDate "2001.07.30"]

1. e4 d5 2. exd5 Nf6 3. c4 e6 4. dxe6 Bxe6 5. Nf3 Qe7 6. Qe2 Nc6 7. d4 O-O-O 8.
d5 Qb4+ 9. Nc3 Bf5 10. dxc6 Ne4 11. a3 Qa5 12. cxb7+ Kb8 13. Bd2 Nxd2 14. Nxd2
Bb4 15. Rc1 Rhe8 16. axb4 Qxb4 17. Nd5 Qxb2 18. Kd1 Rxe2 19. Bxe2 c6 20. Bf3
cxd5 21. Bxd5 Be6 22. Rb1 Qd4 23. Re1 Bxd5 24. cxd5 Qxd5 25. Re2 Qxg2 26. Rb3
Qf1+ 27. Re1 Qxf2 28. Re2 Qf1+ 29. Re1 Qc4 30. Rb2 a5 31. Re5 Qc3 32. Reb5 a4
33. Rc2 Qd3 34. Re5 Kxb7 35. Kc1 f6 36. Rec5 Qa3+ 37. Kd1 Rd7 38. Ke1 Qe3+ 39.
Kd1 Rxd2+ 0-1

[Event "GBR-ch"]
[Site "Scarborough"]
[Date "2001.08.06"]
[Round "7"]
[White "Buckley, Melanie"]
[Black "Berry, Neil M"]
[Result "1/2-1/2"]
[WhiteElo "2118"]
[BlackElo "2256"]
[PlyCount "59"]
[EventDate "2001.07.30"]

1. e4 e6 2. d3 d5 3. Qe2 Nc6 4. Nf3 e5 5. c3 Nf6 6. b4 a6 7. a3 Be7 8. h3 O-O
9. Qc2 h6 10. Be2 Be6 11. Bb2 Re8 12. O-O Bf8 13. Nbd2 Qd7 14. Rfe1 Rad8 15.
Bf1 Nh5 16. exd5 Bxd5 17. c4 Bxf3 18. Nxf3 Qd6 19. g3 g6 20. Rad1 Bg7 21. Bg2
Bf6 22. b5 axb5 23. cxb5 Nb8 24. Bc1 Bg7 25. a4 Nf6 26. Nh2 c6 27. Qb3 Qe6 28.
Qxe6 Rxe6 29. Bb2 Nd5 30. Ng4 1/2-1/2